The chemical analyses of the waters of Oklahoma; (Record no. 28062)
[ view plain ]
| 000 -LEADER | |
|---|---|
| fixed length control field | 01987cam a22003011 4500 |
| 001 - CONTROL NUMBER | |
| control field | gs 46000037 |
| 003 - CONTROL NUMBER IDENTIFIER | |
| control field | DLC |
| 005 - DATE AND TIME OF LATEST TRANSACTION | |
| control field | 20260227111351.0 |
| 008 - FIXED-LENGTH DATA ELEMENTS--GENERAL INFORMATION | |
| fixed length control field | 790118s1942 xx 000 0 eng |
| 010 ## - LIBRARY OF CONGRESS CONTROL NUMBER | |
| LC control number | gs 46000037 |
| 035 ## - SYSTEM CONTROL NUMBER | |
| System control number | (OCoLC)4560569 |
| 040 ## - CATALOGING SOURCE | |
| Original cataloging agency | DLC |
| Transcribing agency | OU |
| Modifying agency | OU |
| -- | DLC |
| 042 ## - AUTHENTICATION CODE | |
| Authentication code | premarc |
| 050 00 - LIBRARY OF CONGRESS CALL NUMBER | |
| Classification number | TA7 |
| Item number | .O4 no. 52 |
| 082 ## - DEWEY DECIMAL CLASSIFICATION NUMBER | |
| Classification number | 628.1 |
| 100 1# - MAIN ENTRY--PERSONAL NAME | |
| Personal name | Smith, Otto Mitchell, |
| Dates associated with a name | 1884- [from old catalog] |
| 245 14 - TITLE STATEMENT | |
| Title | The chemical analyses of the waters of Oklahoma; |
| Statement of responsibility, etc. | [Contributors]: Robert H. Dott and E. C. Warkentin. |
| 260 ## - PUBLICATION, DISTRIBUTION, ETC. | |
| Place of publication, distribution, etc. | Stillwater, Okla., |
| Name of publisher, distributor, etc. | Engineering Experiment Station, Oklahoma Agricultural and Mechanical College, |
| Date of publication, distribution, etc. | [1942] |
| 300 ## - PHYSICAL DESCRIPTION | |
| Extent | xxii, 474 p. |
| Other physical details | ill., maps (1 fold.) diagrs., tables. |
| Dimensions | 23 cm. |
| 490 1# - SERIES STATEMENT | |
| Series statement | Oklahoma. Agricultural and Mechanical College. Engineering Experiment Station. Publication |
| Volume/sequential designation | no. 52 |
| 490 1# - SERIES STATEMENT | |
| Series statement | Oklahoma. Agricultural and Mechanical College. Division of Engineering. Publication, |
| Volume/sequential designation | v. 12, no. 1 |
| 501 ## - WITH NOTE | |
| With note | With : Spherical transformation charts for selecting and identifying stars for field observations / Clarence Edward S. Bardsley -- Logic of technology, Part 1-2 / Nicholas M. Oboukhoff -- Relations of technology to humanism in Goethe's Faust and in the works of Saint-Simon / Nicholas M. Oboukhoff -- How to build your own home of earth / John Edward Kirkham -- A method of successive appropriations in electrical design, Part 2 / Nicholas M. Oboukhoff -- Oklahoma manufacturers / H. G. Thuesen. Stillwater, Okla.: Engineering Experiment Station, Oklahoma Agricultural and Mechanical College, 1941-1945. Bound together subsequent to publication. |
| Institution to which field applies | DLC |
| 504 ## - BIBLIOGRAPHY, ETC. NOTE | |
| Bibliography, etc. note | Includes bibliographical references. |
| 650 #0 - SUBJECT ADDED ENTRY--TOPICAL TERM | |
| Topical term or geographic name entry element | Water-supply |
| Geographic subdivision | Oklahoma. |
| 650 #0 - SUBJECT ADDED ENTRY--TOPICAL TERM | |
| Topical term or geographic name entry element | Water |
| General subdivision | Composition. |
| 810 2# - SERIES ADDED ENTRY--CORPORATE NAME | |
| Corporate name or jurisdiction name as entry element | Oklahoma State University. |
| Subordinate unit | Office of Engineering Research and Engineering Experiment Station. |
| Title of a work | Publication ; |
| Volume/sequential designation | no 52. |
| 810 2# - SERIES ADDED ENTRY--CORPORATE NAME | |
| Corporate name or jurisdiction name as entry element | Oklahoma State University. |
| Subordinate unit | College of Engineering. |
| Title of a work | Publication ; |
| Volume/sequential designation | v. 12, no 1. |
No items available.